000 00583nam a22001937a 4500
003 OSt
005 20140310182929.0
008 130130t xxu||||| |||| 00| 0 eng d
050 _aPE 1130
_b.H557 1953
082 _aFIL 415.599
_bH43 1953
245 _aEnglish for Filipinos
_cHernandez, Jose M. and Jean Garrott Edades ; with an introduction by George Pope Shannon
260 _aQuezon City :
_bRoyal Publishing House,
_c1953
300 _a324 p.
_c22 cm
521 _acollege students
526 _c1210L-1700L
541 _j1
562 _e1
942 _2lcc
_cBK
_kFIL
999 _c17484
_d17484